| 000 | 00441nam a22001457a 4500 | ||
|---|---|---|---|
| 008 | 230919b |||||||| |||| 00| 0 eng d | ||
| 020 | _a0340284293 | ||
| 050 |
_aTD345 _b.N57 1982 |
||
| 100 | _aNissen-Petersen, Erik | ||
| 245 |
_aRain catchment and supply in rural Africa : _bA manual _cErik Nissen-petersen |
||
| 260 |
_aLondon _bHodder and Stoughton _c1982 |
||
| 300 | _av, 83p. | ||
| 650 |
_aWater conservation _zAfrica |
||
| 942 |
_2lcc _cBK |
||
| 999 |
_c20317 _d20316 |
||